[Event "12th EUR-ch"]
[Site "Aix-les-Bains FRA"]
[Date "2011.03.30"]
[Round "8.33"]
[White "Georgiev, Kiril"]
[Black "Kovchan, Alexander"]
[Result "0-1"]
[WhiteElo "2666"]
[BlackElo "2563"]
[EventDate "2011.03.22"]
[PlyCount "120"]

1.d4 Nf6 2.c4 g6 3.g3 c6 4.Nf3 d5 5.Nbd2 Bg7 6.Bg2 O-O 7.O-O Bf5 8.b3 Nbd7
9.Bb2 Qa5 10.Re1 Ne4 11.a3 b5 12.b4 Qc7 13.c5 a5 14.Nb3 a4 15.Nc1 f6 16.
Nd2 Nxd2 17.Qxd2 e5 18.e4 Bxe4 19.Bxe4 dxe4 20.Rxe4 f5 21.Re1 e4 22.Ne2 
Nf6 23.Rad1 Nd5 24.Bc1 Rad8 25.Qg5 Qf7 26.Qh4 Rfe8 27.Bh6 Rd7 28.Qg5 Qf8 
29.Bxg7 Qxg7 30.Nf4 Nxf4 31.Qxf4 Rxd4 32.h4 Red8 33.Rxd4 Qxd4 34.Qc7 Qd7 
35.Qe5 Qd5 36.Qf6 Rf8 37.Qg5 Qd8 38.Qf4 Rf7 39.Qe5 Qd7 40.Kg2 Rf8 41.h5 
gxh5 42.Rh1 Qf7 43.Rd1 f4 44.Qxf4 Qxf4 45.gxf4 Rxf4 46.Rd4 Kg7 47.Rd7+ Kg6
48.Re7 Rg4+ 49.Kh3 Rf4 50.Kg2 Rg4+ 51.Kh3 Kf5 52.Rxh7 Rg6 53.Rxh5+ Kf4 54.
Rh8 Kf3 55.Rf8+ Ke2 56.Kh2 Re6 57.Kg2 e3 58.fxe3 Rxe3 59.Rf6 Rxa3 60.Rf2+ 
Kd3 0-1

[Event "12th EUR-ch"]
[Site "Aix-les-Bains FRA"]
[Date "2011.03.30"]
[Round "8.34"]
[White "Stefansson, Hannes"]
[Black "Smirin, Ilia"]
[Result "0-1"]
[WhiteElo "2557"]
[BlackElo "2658"]
[EventDate "2011.03.22"]
[PlyCount "74"]

1.e4 c5 2.Nf3 e6 3.d4 cxd4 4.Nxd4 a6 5.Bd3 Bc5 6.Nb3 Be7 7.Be3 Nf6 8.f4 d6
9.N1d2 Nc6 10.c3 O-O 11.Qf3 b5 12.g4 Nd7 13.O-O-O b4 14.c4 Bb7 15.Qh3 g6 
16.g5 a5 17.Kb1 a4 18.Nc1 Nc5 19.Rhg1 d5 20.Rg3 Nxd3 21.Nxd3 Re8 22.Bc5 h5
23.Qf1 Ba6 24.Rc1 Rc8 25.cxd5 exd5 26.Qd1 b3 27.axb3 axb3 28.Qxb3 Bxc5 29.
Nxc5 Nd4 30.Qa4 Ne2 31.Qxa6 Nxc1 32.Rc3 Ra8 33.Qb7 Ne2 34.Re3 Nxf4 35.Nd7 
Qxg5 36.Nf3 Qe7 37.Qc6 Rec8 0-1

[Event "12th EUR-ch"]
[Site "Aix-les-Bains FRA"]
[Date "2011.03.30"]
[Round "8.35"]
[White "Kurnosov, Igor"]
[Black "Zherebukh, Yaroslav"]
[Result "0-1"]
[WhiteElo "2653"]
[BlackElo "2560"]
[EventDate "2011.03.22"]
[PlyCount "94"]

1.d4 d5 2.c4 c6 3.e3 Nf6 4.Nc3 e6 5.Nf3 Nbd7 6.Qc2 Bd6 7.Bd3 O-O 8.O-O 
dxc4 9.Bxc4 b5 10.Bd3 Bb7 11.a3 Qe7 12.e4 e5 13.dxe5 Nxe5 14.Nxe5 Bxe5 15.
f4 Bd4+ 16.Kh1 Ng4 17.h3 Qh4 18.Ne2 Bb6 19.Ng1 Nf2+ 20.Kh2 Ng4+ 21.Kh1 
Rad8 22.Be2 Ne3 23.Bxe3 Bxe3 24.g3 Qh6 25.Kg2 c5 26.Rad1 Rxd1 27.Rxd1 Qg6 
28.Bf3 Bxf4 29.Ne2 Bd6 30.a4 bxa4 31.Qxa4 Be5 32.g4 Qb6 33.b3 Bb8 34.Rd3 
Bc6 35.Qa1 Bb5 36.Rd5 Bxe2 37.Bxe2 Qxb3 38.Rd3 Qb4 39.Rf3 Qxe4 40.Qa2 Kh8 
41.Bd3 Qe5 42.Kf1 f6 43.Qb1 Qh2 44.Bxh7 Bg3 45.Bg6 Qh1+ 46.Ke2 Re8+ 47.Re3
Qg2+ 0-1

[Event "12th EUR-ch"]
[Site "Aix-les-Bains FRA"]
[Date "2011.03.30"]
[Round "8.36"]
[White "Sedlak, Nikola"]
[Black "Gustafsson, Jan"]
[Result "0-1"]
[WhiteElo "2556"]
[BlackElo "2647"]
[EventDate "2011.03.22"]
[PlyCount "74"]

1.d4 d5 2.c4 c6 3.Nf3 Nf6 4.Qb3 e6 5.Bg5 Qa5+ 6.Bd2 Qb6 7.Qc2 Ne4 8.e3 
Nxd2 9.Nbxd2 Nd7 10.Bd3 g6 11.O-O Bg7 12.cxd5 exd5 13.e4 O-O 14.exd5 cxd5 
15.Nb3 Nb8 16.Ne5 Bxe5 17.dxe5 Nc6 18.Rae1 Re8 19.Qd2 Rxe5 20.Rxe5 Nxe5 
21.Re1 f6 22.Bf1 Be6 23.Nd4 Bf7 24.Rc1 Nc4 25.Bxc4 dxc4 26.Rd1 Rd8 27.h3 
Qc5 28.a4 a6 29.Qe3 b5 30.axb5 axb5 31.Rd2 Rd5 32.Qf4 Qd6 33.Qe3 Qe5 34.
Kf1 b4 35.Nf3 Qxe3 36.fxe3 Rxd2 37.Nxd2 c3 0-1

[Event "12th EUR-ch"]
[Site "Aix-les-Bains FRA"]
[Date "2011.03.30"]
[Round "8.37"]
[White "Rogozenco, Dorian"]
[Black "Sjugirov, Sanan"]
[Result "1/2-1/2"]
[WhiteElo "2553"]
[BlackElo "2643"]
[EventDate "2011.03.22"]
[PlyCount "93"]

1.d4 Nf6 2.Nf3 d5 3.c4 e6 4.Nc3 Bb4 5.cxd5 exd5 6.Bg5 Nbd7 7.e3 c5 8.dxc5 
Qa5 9.Rc1 Bxc3+ 10.bxc3 O-O 11.Nd4 Ne4 12.Bf4 Re8 13.f3 Nexc5 14.Kf2 Ne5 
15.Be2 Bd7 16.Nb3 Nxb3 17.axb3 Ng6 18.b4 Qb6 19.Qd4 Nxf4 20.Qxf4 a5 21.
bxa5 Rxa5 22.Rb1 Qa7 23.Rhd1 Ra2 24.Qd4 Qb8 25.g3 Bc6 26.Rd2 Rxd2 27.Qxd2 
Qc8 28.Rb4 Qe6 29.Bf1 Ra8 30.Rb2 h5 31.Ra2 Re8 32.Qd4 Qf5 33.Bd3 Qh3 34.
Qh4 Qe6 35.Qd4 g6 36.Ra1 Qd7 37.Bf1 Bb5 38.Bxb5 Qxb5 39.Rd1 Ra8 40.Qxd5 
Qb2+ 41.Qd2 Qb3 42.Kg1 Rc8 43.Rc1 b5 44.e4 Qa3 45.Rc2 Qb3 46.Rc1 Qa3 47.
Rc2 1/2-1/2

[Event "12th EUR-ch"]
[Site "Aix-les-Bains FRA"]
[Date "2011.03.30"]
[Round "8.38"]
[White "Maze, Sebastien"]
[Black "Pashikian, Arman"]
[Result "1/2-1/2"]
[WhiteElo "2559"]
[BlackElo "2642"]
[EventDate "2011.03.22"]
[PlyCount "66"]

1.e4 e5 2.Nf3 Nc6 3.Bb5 Nf6 4.O-O Nxe4 5.Re1 Nd6 6.Nxe5 Be7 7.Bf1 Nf5 8.
Nf3 O-O 9.d4 d5 10.c3 Bd6 11.Bd3 h6 12.Nbd2 Qf6 13.Nf1 Be6 14.Ng3 Nxg3 15.
hxg3 Rfe8 16.Qb3 a6 17.Bd2 Na5 18.Qc2 Nc4 19.b3 Nxd2 20.Qxd2 Bd7 21.b4 Kf8
22.a3 Rxe1+ 23.Rxe1 Re8 24.Rxe8+ Bxe8 25.Qe3 Qe7 26.Ne5 Kg8 27.Ng4 a5 28.
Qxe7 Bxe7 29.Ne3 axb4 30.axb4 c6 31.f4 g6 32.Kf2 Bd7 33.g4 Kg7 1/2-1/2

[Event "12th EUR-ch"]
[Site "Aix-les-Bains FRA"]
[Date "2011.03.30"]
[Round "8.39"]
[White "Hracek, Zbynek"]
[Black "Manolache, Marius"]
[Result "1-0"]
[WhiteElo "2631"]
[BlackElo "2546"]
[EventDate "2011.03.22"]
[PlyCount "134"]

1.e4 d6 2.d4 g6 3.Nc3 Bg7 4.Be3 a6 5.f4 Nf6 6.Nf3 b5 7.e5 Ng4 8.Bg1 O-O 9.
Bd3 c6 10.h3 Nh6 11.g4 dxe5 12.dxe5 Qa5 13.Qd2 Bb7 14.Ne4 Qxd2+ 15.Nfxd2 
Nd7 16.Nb3 Rad8 17.Nec5 Nxc5 18.Bxc5 Rfe8 19.O-O-O f5 20.g5 Nf7 21.Be2 Ba8
22.Bf3 Rc8 23.Be3 a5 24.Nc5 Nd8 25.a4 Nf7 26.Rhe1 Nd8 27.Bd2 bxa4 28.Nxa4 
c5 29.Bxa8 Rxa8 30.Nxc5 Nc6 31.Na4 Nd8 32.Be3 Ne6 33.c3 h6 34.h4 hxg5 35.
hxg5 Kf7 36.Kc2 Rh8 37.Rh1 Rh5 38.Nc5 Nc7 39.c4 Rah8 40.Rxh5 gxh5 41.Rh1 
Kg6 42.Bf2 e6 43.Nb7 a4 44.Nc5 Rc8 45.Kd3 Ra8 46.Ra1 Bf8 47.Nxa4 Na6 48.
Ke2 Nc5 49.Bxc5 Bxc5 50.b3 Bb4 51.Rd1 h4 52.Kf3 Rb8 53.c5 Ba5 54.Rb1 h3 
55.c6 h2 56.Kg2 Bd2 57.Rf1 Rc8 58.Nb6 Rxc6 59.Nc4 Bb4 60.Rh1 Ra6 61.Rxh2 
Ra2+ 62.Kg3 Be1+ 63.Kh3 Ra8 64.Kg2 Ra2+ 65.Kg1 Ra6 66.Rh6+ Kg7 67.Nd6 Bd2 
1-0

[Event "12th EUR-ch"]
[Site "Aix-les-Bains FRA"]
[Date "2011.03.30"]
[Round "8.40"]
[White "Shimanov, Aleksandr"]
[Black "Salgado Lopez, Ivan"]
[Result "0-1"]
[WhiteElo "2550"]
[BlackElo "2630"]
[EventDate "2011.03.22"]
[PlyCount "38"]

1.d4 Nf6 2.Nf3 d5 3.c4 e6 4.g3 Be7 5.Bg2 O-O 6.O-O dxc4 7.Qc2 b5 8.a4 b4 
9.Ne5 Qxd4 10.Bxa8 Qxe5 11.Bf3 Ba6 12.Bf4 Qa5 13.Nd2 b3 14.Qc1 Qb4 15.Be5 
Nd5 16.e4 Nc6 17.Bxg7 Kxg7 18.exd5 Nd4 19.dxe6 Qxd2 0-1

[Event "12th EUR-ch"]
[Site "Aix-les-Bains FRA"]
[Date "2011.03.30"]
[Round "8.41"]
[White "Cornette, Matthieu"]
[Black "Saric, Ivan"]
[Result "1/2-1/2"]
[WhiteElo "2548"]
[BlackElo "2626"]
[EventDate "2011.03.22"]
[PlyCount "72"]

1.d4 d5 2.c4 c6 3.Nf3 Nf6 4.Nc3 e6 5.Bg5 h6 6.Bxf6 Qxf6 7.e3 Bd6 8.Bd3 O-O
9.O-O Qe7 10.e4 dxc4 11.Bxc4 e5 12.dxe5 Bc7 13.h3 Nd7 14.e6 fxe6 15.e5 
Nxe5 16.Nxe5 Bxe5 17.Re1 Bxc3 18.bxc3 Qh4 19.Qd3 Qxf2+ 20.Kh1 Qf5 21.Qe2 
Qf2 22.Qd3 Qf5 23.Qe2 Qc5 24.Rad1 Kh8 25.Qe4 e5 26.Rf1 Bf5 27.Rxf5 Rxf5 
28.Bd3 g6 29.Qh4 Qf8 30.Bxf5 gxf5 31.Rd7 e4 32.Qf4 Re8 33.Rd6 Kh7 34.Rd7+ 
Kh8 35.Rd6 Kh7 36.Rd7+ Kh8 1/2-1/2

[Event "12th EUR-ch"]
[Site "Aix-les-Bains FRA"]
[Date "2011.03.30"]
[Round "8.42"]
[White "Vuckovic, Bojan"]
[Black "Sanikidze, Tornike"]
[Result "1/2-1/2"]
[WhiteElo "2626"]
[BlackElo "2542"]
[EventDate "2011.03.22"]
[PlyCount "79"]

1.d4 Nf6 2.c4 g6 3.Nc3 d5 4.Bg5 Ne4 5.Bh4 Nxc3 6.bxc3 dxc4 7.e3 Be6 8.Nf3 
Bg7 9.Be2 O-O 10.O-O c5 11.Rb1 cxd4 12.Nxd4 Bd5 13.f3 b6 14.e4 Bb7 15.Bxc4
Nc6 16.Bd5 Rc8 17.Nb5 Ba6 18.c4 Bxb5 19.cxb5 Na5 20.f4 Qd6 21.e5 Qc5+ 22.
Bf2 Qa3 23.Bd4 e6 24.Rf3 Qe7 25.Be4 Rfd8 26.Rd3 Bf8 27.Kh1 Qc7 28.Bf2 Rxd3
29.Qxd3 Rd8 30.Qe2 Qc3 31.Be1 Qa3 32.g3 Bc5 33.Kg2 Rd4 34.Bf2 Rd8 35.Be1 
Rd4 36.Kh3 Kg7 37.Bf3 Rd3 38.Be4 Rd4 39.Bf3 Rd3 40.Be4 1/2-1/2

[Event "12th EUR-ch"]
[Site "Aix-les-Bains FRA"]
[Date "2011.03.30"]
[Round "8.43"]
[White "Markos, Jan"]
[Black "Matlakov, Maxim"]
[Result "0-1"]
[WhiteElo "2546"]
[BlackElo "2625"]
[EventDate "2011.03.22"]
[PlyCount "78"]

1.d4 d5 2.c4 c6 3.Nc3 Nf6 4.e3 e6 5.Nf3 Nbd7 6.Qc2 Bd6 7.e4 dxe4 8.Nxe4 
Nxe4 9.Qxe4 c5 10.Bg5 Be7 11.Bxe7 Qa5+ 12.Ke2 Kxe7 13.g3 Rd8 14.Bg2 cxd4 
15.Qxd4 Nf6 16.Qe3 Ng4 17.Qe4 f5 18.Qc2 Qc5 19.Kf1 Bd7 20.h3 Nf6 21.Qc3 
Bc6 22.Re1 Be4 23.Re3 Rac8 24.Nd2 Qd4 25.Nxe4 fxe4 26.Qb4+ Ke8 27.Kg1 Rxc4
28.Qxb7 Rd7 29.Qb8+ Kf7 30.g4 Rc2 31.Qf4 g5 32.Qxg5 Qxb2 33.Qf4 Rdd2 34.
Rb3 Qd4 35.Rb7+ Kg6 36.Rh2 Rd1+ 37.Bf1 Qd3 38.Rg2 Qxf1+ 39.Kh2 Qh1+ 0-1

[Event "12th EUR-ch"]
[Site "Aix-les-Bains FRA"]
[Date "2011.03.30"]
[Round "8.44"]
[White "Pridorozhni, Aleksei"]
[Black "Volkov, Sergey"]
[Result "1/2-1/2"]
[WhiteElo "2542"]
[BlackElo "2621"]
[EventDate "2011.03.22"]
[PlyCount "101"]

1.d4 d5 2.c4 c6 3.Nc3 Nf6 4.Nf3 a6 5.cxd5 cxd5 6.Bf4 Nc6 7.Ne5 e6 8.e3 
Nxe5 9.Bxe5 Bd6 10.f4 b5 11.Bd3 Bb7 12.O-O O-O 13.Rc1 g6 14.Bxd6 Qxd6 15.
Rf2 Rfc8 16.Rfc2 Kg7 17.Nb1 b4 18.Nd2 Rxc2 19.Rxc2 Bc6 20.Nb3 Ba4 21.Qc1 
a5 22.h3 Bxb3 23.axb3 a4 24.Rc6 Qd8 25.bxa4 Rxa4 26.Kh2 Ra8 27.Rc5 h5 28.
Qe1 Rb8 29.Qg3 Nd7 30.Rc1 Rc8 31.Rxc8 Qxc8 32.Qe1 Qb8 33.Kg3 Nf6 34.Kf3 
Qb6 35.g4 Qa5 36.Qc1 b3 37.Qd1 h4 38.Ke2 Qa2 39.Qc1 Nd7 40.Kf3 Qa5 41.Ke2 
Nf6 42.f5 exf5 43.gxf5 gxf5 44.Bxf5 Nh5 45.Bd3 Ng3+ 46.Kf3 Qb6 47.Qc8 Qf6+
48.Kg2 Qg5 49.Kf3 Qf6+ 50.Kg2 Qg5 51.Kf3 1/2-1/2

[Event "12th EUR-ch"]
[Site "Aix-les-Bains FRA"]
[Date "2011.03.30"]
[Round "8.45"]
[White "Beliavsky, Alexander"]
[Black "Gritsak, Orest"]
[Result "1-0"]
[WhiteElo "2619"]
[BlackElo "2539"]
[EventDate "2011.03.22"]
[PlyCount "97"]

1.Nf3 c5 2.c4 Nf6 3.g3 b6 4.Bg2 Bb7 5.O-O e6 6.Nc3 Be7 7.d4 cxd4 8.Qxd4 d6
9.Rd1 a6 10.Be3 Nbd7 11.Ng5 Bxg2 12.Kxg2 Rc8 13.Rac1 O-O 14.Nce4 Rc6 15.
Nxf6+ Nxf6 16.Qd3 Qa8 17.Kg1 Rfc8 18.Bd4 h6 19.Bxf6 Bxf6 20.Qh7+ Kf8 21.
Ne4 Bxb2 22.Rc2 Be5 23.f4 Bf6 24.Nxd6 Ke7 25.Nxc8+ Qxc8 26.Qe4 g6 27.Qd3 
Ke8 28.Kf2 h5 29.e3 Kf8 30.Qd7 Qxd7 31.Rxd7 b5 32.c5 Be7 33.Ke2 Ke8 34.Rb7
Bxc5 35.h3 Kf8 36.g4 hxg4 37.hxg4 Kg7 38.g5 Kf8 39.Kf3 Kg8 40.Ke4 Kf8 41.
Rc1 Kg8 42.Rb8+ Kg7 43.Rc2 Rc7 44.Ra8 Rc6 45.Rc1 f5+ 46.Kf3 e5 47.Ra7+ Kf8
48.fxe5 Ke8 49.Rb7 1-0

[Event "12th EUR-ch"]
[Site "Aix-les-Bains FRA"]
[Date "2011.03.30"]
[Round "8.46"]
[White "Alsina Leal, Daniel"]
[Black "Macieja, Bartlomiej"]
[Result "1/2-1/2"]
[WhiteElo "2538"]
[BlackElo "2619"]
[EventDate "2011.03.22"]
[PlyCount "229"]

1.e4 c6 2.d4 d5 3.e5 Bf5 4.Nf3 e6 5.Be2 c5 6.Be3 cxd4 7.Nxd4 Ne7 8.Nd2 
Nbc6 9.N2f3 Bg4 10.O-O Rc8 11.Rc1 Bxf3 12.Nxf3 g6 13.c3 Bg7 14.Bf4 O-O 15.
Bd3 d4 16.cxd4 Nxd4 17.Rxc8 Nxf3+ 18.Qxf3 Qxc8 19.Be4 Qb8 20.Bxb7 Bxe5 21.
Bxe5 Qxe5 22.Qa3 Nf5 23.b3 a5 24.Rc1 Rd8 25.Ba6 Rd2 26.h3 Qd4 27.Qc5 Rxa2 
28.Qxd4 Nxd4 29.Rc8+ Kg7 30.Bc4 h5 31.h4 Ra1+ 32.Kh2 Nf5 33.g3 Nh6 34.Rc7 
Kf6 35.Kg2 Ng4 36.Be2 Nh6 37.Ra7 Ra2 38.Bf3 Ra3 39.Bc6 Rxb3 40.Rxa5 Rb2 
41.Bf3 Nf5 42.Ra7 Ne3+ 43.Kg1 Nc4 44.Kf1 Nd6 45.Ra6 Nf5 46.Ra4 Rd2 47.Ke1 
Rd7 48.Kf1 Nd4 49.Kg2 Ke7 50.Ra6 f5 51.Bd1 Rc7 52.Ra4 e5 53.Ra6 Kf7 54.Rd6
Rc4 55.Rb6 Rc7 56.Bb3+ Kg7 57.Bd5 e4 58.Rb7 Rxb7 59.Bxb7 Kf6 60.Bd5 Ne6 
61.Bc6 Nd4 62.Bd5 Nf3 63.Bc6 Ne5 64.Ba4 Nc4 65.f4 Nd6 66.Kf2 Nb7 67.Be8 
Nc5 68.Ke3 Ne6 69.Ba4 Ke7 70.Bb5 Nc5 71.Bc4 Nd7 72.Bb3 Nf6 73.Bc4 Nh7 74.
Bb3 Nf8 75.Bc4 Ne6 76.Bb5 Nd8 77.Ba4 Nb7 78.Bc6 Nd6 79.Bd5 Ne8 80.Bb3 Nc7 
81.Bc4 Kd6 82.Bf7 Nd5+ 83.Kd4 Ne7 84.Kc4 Kc6 85.Be8+ Kb6 86.Bf7 Kb7 87.Be8
Kc7 88.Kd4 Kb6 89.Kc4 Ka5 90.Bd7 Nd5 91.Kd4 Kb4 92.Be8 Ne7 93.Bf7 Ka4 94.
Kc4 Ka5 95.Be6 Kb6 96.Bf7 Ka6 97.Be6 Ka5 98.Bf7 Ka4 99.Be6 Ka3 100.Kc3 Ka4
101.Kc4 Ka5 102.Bf7 Kb6 103.Be8 Kc7 104.Kd4 Kd8 105.Bf7 Kd7 106.Kc4 Kc6 
107.Be8+ Kc7 108.Bf7 Kb6 109.Be6 Ka5 110.Bf7 Ka4 111.Be6 Ka3 112.Kc3 Nc6 
113.Bf7 Ne7 114.Be6 Ka4 115.Kc4 1/2-1/2

[Event "12th EUR-ch"]
[Site "Aix-les-Bains FRA"]
[Date "2011.03.30"]
[Round "8.47"]
[White "Zakhartsov, Viacheslav"]
[Black "Nevednichy, Vladislav"]
[Result "0-1"]
[WhiteElo "2608"]
[BlackElo "2534"]
[EventDate "2011.03.22"]
[PlyCount "104"]

1.d4 Nf6 2.c4 g6 3.Nc3 Bg7 4.e4 d6 5.Nf3 O-O 6.Be2 c6 7.O-O e5 8.d5 Na6 9.
Be3 Ng4 10.Bg5 f6 11.Bh4 c5 12.Ne1 h5 13.h3 Nh6 14.a3 Bd7 15.Nd3 Qe7 16.b4
b6 17.g4 hxg4 18.hxg4 Nf7 19.Kg2 Bh6 20.Qc2 Kg7 21.b5 Nc7 22.a4 a5 23.bxa6
Rxa6 24.Nb5 Ne8 25.f3 Rh8 26.Nf2 Bf4 27.Rh1 Ra8 28.Bd3 Bc8 29.Qe2 Nc7 30.
Nxc7 Qxc7 31.Nd1 g5 32.Be1 Rxh1 33.Kxh1 Bd7 34.Nc3 Rh8+ 35.Kg1 Qd8 36.Ra2 
Rh3 37.Qg2 Qh8 38.Bf1 Be3+ 39.Bf2 Bxf2+ 40.Rxf2 Bxg4 41.fxg4 Rxc3 42.Rf3 
Rxf3 43.Qxf3 Qh4 44.Kg2 Qe1 45.Qe2 Qc1 46.Qd3 Nh8 47.Qb3 Qd2+ 48.Kh1 Qe1 
49.Kg1 Ng6 50.Qxb6 Qg3+ 51.Bg2 Nh4 52.Qb2 Nf3+ 0-1

[Event "12th EUR-ch"]
[Site "Aix-les-Bains FRA"]
[Date "2011.03.30"]
[Round "8.48"]
[White "Papaioannou, Ioannis"]
[Black "Esen, Baris"]
[Result "1/2-1/2"]
[WhiteElo "2605"]
[BlackElo "2528"]
[EventDate "2011.03.22"]
[PlyCount "31"]

1.d4 d5 2.Nf3 Nf6 3.c4 c6 4.Qb3 dxc4 5.Qxc4 Bf5 6.g3 Nbd7 7.Bg2 e6 8.O-O 
Be7 9.e3 O-O 10.Qe2 Qc7 11.Nc3 e5 12.Nxe5 Nxe5 13.dxe5 Qxe5 14.e4 Be6 15.
Rd1 Rad8 16.Be3 1/2-1/2

[Event "12th EUR-ch"]
[Site "Aix-les-Bains FRA"]
[Date "2011.03.30"]
[Round "8.49"]
[White "Smirnov, Artem"]
[Black "Chatalbashev, Boris"]
[Result "0-1"]
[WhiteElo "2425"]
[BlackElo "2602"]
[EventDate "2011.03.22"]
[PlyCount "68"]

1.d4 Nf6 2.c4 e6 3.Nf3 c5 4.d5 d6 5.Nc3 exd5 6.cxd5 g6 7.e4 a6 8.h3 b5 9.
Bd3 Bg7 10.O-O O-O 11.a3 Re8 12.Re1 Nbd7 13.Bf4 Qb6 14.Qd2 c4 15.Bc2 Nc5 
16.e5 dxe5 17.Bxe5 Bb7 18.Rad1 Rad8 19.Qf4 Nh5 20.Qh4 Bxe5 21.Nxe5 Qf6 22.
Qd4 Nd7 23.Nc6 Rxe1+ 24.Rxe1 Bxc6 25.Qxf6 Ndxf6 26.dxc6 Rc8 27.g4 Nf4 28.
Kh2 Rxc6 29.g5 N6h5 30.Re8+ Kg7 31.h4 Rd6 32.Ne4 Rd4 33.f3 Nd3 34.b4 Ne1 
0-1

[Event "12th EUR-ch"]
[Site "Aix-les-Bains FRA"]
[Date "2011.03.30"]
[Round "8.50"]
[White "Dembo, Yelena"]
[Black "Kulaots, Kaido"]
[Result "1/2-1/2"]
[WhiteElo "2457"]
[BlackElo "2601"]
[EventDate "2011.03.22"]
[PlyCount "29"]

1.e4 c5 2.Nc3 e6 3.f4 d5 4.Nf3 Nc6 5.d3 g6 6.g3 Bg7 7.Bg2 Nge7 8.O-O O-O 
9.Qe2 b6 10.g4 Qd7 11.Qf2 Bb7 12.Bd2 Nd4 13.Ne5 Qc7 14.exd5 exd5 15.Rac1 
1/2-1/2

[Event "12th EUR-ch"]
[Site "Aix-les-Bains FRA"]
[Date "2011.03.30"]
[Round "8.51"]
[White "Tregubov, Pavel"]
[Black "Terrieux, Kevin"]
[Result "1-0"]
[WhiteElo "2598"]
[BlackElo "2422"]
[EventDate "2011.03.22"]
[PlyCount "65"]

1.d4 Nf6 2.Nf3 e6 3.c4 b6 4.g3 Bb7 5.Bg2 Be7 6.O-O O-O 7.Re1 Ne4 8.Nfd2 d5
9.Nxe4 dxe4 10.Nc3 f5 11.Be3 Bf6 12.Qd2 Nc6 13.Rad1 Qe7 14.f3 Rad8 15.fxe4
Bxd4 16.exf5 Qc5 17.Bxd4 Rxd4 18.Qe3 Rxd1 19.Nxd1 exf5 20.Qxc5 bxc5 21.
Bd5+ Kh8 22.Nc3 Rb8 23.Rd1 g6 24.b3 Rd8 25.Bxc6 Rxd1+ 26.Nxd1 Bxc6 27.Nb2 
Kg7 28.Nd3 Kf6 29.Kf2 Ke6 30.Nxc5+ Kd6 31.Nd3 Be4 32.b4 a5 33.bxa5 1-0

[Event "12th EUR-ch"]
[Site "Aix-les-Bains FRA"]
[Date "2011.03.30"]
[Round "8.52"]
[White "Pelletier, Yannick"]
[Black "Doros, Radu-Marian"]
[Result "1-0"]
[WhiteElo "2593"]
[BlackElo "2278"]
[EventDate "2011.03.22"]
[PlyCount "63"]

1.Nf3 c5 2.c4 Nc6 3.d4 cxd4 4.Nxd4 e5 5.Nb5 a6 6.Nd6+ Bxd6 7.Qxd6 Qf6 8.
Qd2 Nge7 9.Nc3 O-O 10.e4 Qg6 11.f3 d6 12.Bd3 Nd4 13.b3 Ne6 14.Nd5 Nc6 15.
O-O Nc5 16.Bc2 Kh8 17.Bb2 a5 18.Kh1 Be6 19.Bc3 Rfd8 20.a3 a4 21.b4 Nb3 22.
Bxb3 axb3 23.Qb2 f5 24.exf5 Qxf5 25.Qxb3 Qf7 26.b5 Na5 27.Bxa5 Rxa5 28.Qb4
Rda8 29.Nb6 R8a7 30.Rfd1 Qc7 31.Rxd6 Bg8 32.a4 1-0

[Event "12th EUR-ch"]
[Site "Aix-les-Bains FRA"]
[Date "2011.03.30"]
[Round "8.53"]
[White "Manea, Alexandru"]
[Black "Brkic, Ante"]
[Result "1-0"]
[WhiteElo "2392"]
[BlackElo "2592"]
[EventDate "2011.03.22"]
[PlyCount "107"]

1.Nf3 Nf6 2.c4 e6 3.Nc3 d5 4.d4 Bb4 5.Qa4+ Nc6 6.e3 O-O 7.Bd2 a6 8.Qc2 Re8
9.Be2 h6 10.a3 Bd6 11.O-O dxc4 12.Bxc4 e5 13.dxe5 Nxe5 14.Nxe5 Bxe5 15.h3 
b5 16.Ba2 Bb7 17.Rad1 Qe7 18.Bc1 Bd6 19.Nd5 Nxd5 20.Bxd5 Qe5 21.f4 Qxd5 
22.Rxd5 Bxd5 23.Rd1 Be4 24.Qc3 Be7 25.Bd2 c5 26.Qc1 a5 27.Bc3 b4 28.Be5 
Red8 29.Rxd8+ Rxd8 30.Bc7 Rd7 31.Bxa5 b3 32.Qc4 Rd1+ 33.Kh2 Bc2 34.Bc3 h5 
35.a4 Ra1 36.a5 Bh4 37.Qxc5 Bf6 38.Bxf6 gxf6 39.Qxh5 Ra2 40.Qg4+ Kh7 41.
Qd7 Kg6 42.Qd4 Rxa5 43.g4 Ra6 44.f5+ Kg7 45.e4 Kg8 46.Kg3 Rc6 47.Kh4 Ra6 
48.Kh5 Kh7 49.Qc4 Ra7 50.Qc5 Ra6 51.Qf8 Ra7 52.Qh6+ Kg8 53.Qxf6 Kh7 54.
Qh6+ 1-0

[Event "12th EUR-ch"]
[Site "Aix-les-Bains FRA"]
[Date "2011.03.30"]
[Round "8.54"]
[White "Rublevsky, Sergei"]
[Black "Raznikov, Danny"]
[Result "1-0"]
[WhiteElo "2678"]
[BlackElo "2384"]
[EventDate "2011.03.22"]
[PlyCount "83"]

1.e4 c5 2.Nf3 d6 3.d4 cxd4 4.Nxd4 Nf6 5.Nc3 a6 6.Be2 e5 7.Nb3 Be7 8.O-O 
O-O 9.Re1 Be6 10.Bf3 Qc7 11.a4 Rc8 12.a5 Nbd7 13.Be3 b5 14.axb6 Nxb6 15.
Na5 Nbd7 16.Qe2 Bd8 17.Red1 Qb8 18.Nb3 Rc6 19.Ra3 h6 20.h3 a5 21.Rda1 Rc8 
22.Qb5 Qxb5 23.Nxb5 Rxc2 24.Nxa5 Rxb2 25.Nxd6 Rxa5 26.Rxa5 Bxa5 27.Rxa5 
Rb1+ 28.Kh2 Rb4 29.g4 Kh7 30.Kg3 Rb1 31.Ra7 Rb3 32.h4 Rd3 33.Nb7 g6 34.Nd8
Bb3 35.g5 hxg5 36.hxg5 Nh5+ 37.Kh2 Kg7 38.Bg4 Nf8 39.Nc6 Be6 40.Nxe5 Rd6 
41.Bxe6 Rxe6 42.Nxf7 1-0

[Event "12th EUR-ch"]
[Site "Aix-les-Bains FRA"]
[Date "2011.03.30"]
[Round "8.55"]
[White "Guliyev, Namig"]
[Black "Fedorchuk, Sergei"]
[Result "1-0"]
[WhiteElo "2522"]
[BlackElo "2662"]
[EventDate "2011.03.22"]
[PlyCount "93"]

1.e4 e5 2.Nf3 Nc6 3.Bb5 g6 4.d4 exd4 5.Bg5 Be7 6.Bxe7 Qxe7 7.O-O Qb4 8.
Bxc6 dxc6 9.Qxd4 Qxd4 10.Nxd4 Ne7 11.Nc3 b6 12.Rad1 a5 13.Rfe1 Bd7 14.h3 
O-O-O 15.f4 c5 16.Nf3 Bc6 17.Rxd8+ Rxd8 18.Ng5 b5 19.Rd1 Rxd1+ 20.Nxd1 h5 
21.Ne3 f6 22.Nh7 Ng8 23.e5 fxe5 24.fxe5 Ne7 25.Nf6 Bd7 26.Ne4 Nc6 27.Nxc5 
Nxe5 28.Kf2 h4 29.Nd5 g5 30.g4 hxg3+ 31.Kxg3 a4 32.Nxd7 Kxd7 33.Nc3 c6 34.
Ne4 Nc4 35.b3 Na3 36.bxa4 bxa4 37.Nc5+ Ke7 38.Nxa4 Nxc2 39.Nc5 Nb4 40.a4 
Nd5 41.a5 Kd6 42.Ne4+ Kc7 43.Kg4 c5 44.Nxc5 Kc6 45.Nb3 Kb5 46.Kxg5 Kb4 47.
h4 1-0

[Event "12th EUR-ch"]
[Site "Aix-les-Bains FRA"]
[Date "2011.03.30"]
[Round "8.56"]
[White "Vaisser, Anatoly"]
[Black "Nyback, Tomi"]
[Result "0-1"]
[WhiteElo "2522"]
[BlackElo "2656"]
[EventDate "2011.03.22"]
[PlyCount "134"]

1.d4 d5 2.c4 e6 3.Nc3 c6 4.e3 Nf6 5.Nf3 Nbd7 6.Bd3 dxc4 7.Bxc4 b5 8.Bd3 
Bd6 9.O-O O-O 10.b3 Bb7 11.Bb2 a6 12.e4 c5 13.e5 cxd4 14.exd6 Bxf3 15.Qxf3
Ne5 16.Qg3 Nxd3 17.Qxd3 dxc3 18.Bxc3 Nd5 19.Be5 Qd7 20.a4 b4 21.Rac1 f6 
22.Bg3 Nc3 23.Rc2 Rfc8 24.h4 Rc6 25.Rd2 Rd8 26.Qe3 a5 27.h5 h6 28.f3 Qf7 
29.Re1 e5 30.f4 e4 31.f5 Qxh5 32.Qa7 Qxf5 33.Bf2 Qd7 34.Qxa5 Rxd6 35.Rxd6 
Qxd6 36.Qb6 Qd2 37.a5 Rd6 38.Qc5 Rd5 39.Qc4 Kh7 40.a6 Ra5 41.Qf1 Qd3 42.a7
Qxf1+ 43.Kxf1 f5 44.Bc5 Nb5 45.Bxb4 Rxa7 46.Rd1 Rb7 47.Ba5 g5 48.Rd5 Kg6 
49.g3 Na3 50.Rd6+ Kh5 51.Bb6 Nb5 52.Rf6 Kg4 53.Kf2 Nc3 54.Rxh6 Nd5 55.Bd8 
Rxb3 56.Rg6 Rb2+ 57.Kg1 Kxg3 58.Rxg5+ Kf4 59.Rg8 e3 60.Bh4 Kf3 61.Rg5 Ke4 
62.Rg8 f4 63.Re8+ Kf3 64.Re5 Nc3 65.Be1 Ne2+ 66.Kf1 Ng3+ 67.Bxg3 Kxg3 0-1

[Event "12th EUR-ch"]
[Site "Aix-les-Bains FRA"]
[Date "2011.03.30"]
[Round "8.57"]
[White "Durarbeyli, Vasif"]
[Black "Tkachiev, Vladislav"]
[Result "1-0"]
[WhiteElo "2510"]
[BlackElo "2646"]
[EventDate "2011.03.22"]
[PlyCount "131"]

1.e4 e5 2.Nf3 Nc6 3.Bc4 Bc5 4.c3 Nf6 5.d3 a6 6.O-O d6 7.h3 h6 8.Bb3 O-O 9.
Re1 Re8 10.Nbd2 Be6 11.Nf1 d5 12.Qe2 Bf8 13.Ng3 g6 14.Be3 Qe7 15.Qd2 Kh7 
16.Rad1 Rad8 17.Qc1 Na5 18.Nxe5 Nxb3 19.axb3 dxe4 20.Nxe4 Nxe4 21.dxe4 
Rxd1 22.Qxd1 Qd6 23.Ng4 Qxd1 24.Nf6+ Kh8 25.Rxd1 Bxb3 26.Nxe8 Bxd1 27.Nxc7
g5 28.f3 Kh7 29.Kf2 Kg6 30.g4 h5 31.Nd5 Bd6 32.Bd4 Bb3 33.Bb6 Bc4 34.Kg2 
Bd3 35.Bc7 Bc5 36.Bd8 Bc4 37.Bc7 hxg4 38.hxg4 Bb3 39.Kg3 Bc4 40.b4 Bf8 41.
Be5 Bb5 42.Kf2 Bc6 43.Ke3 Bb5 44.Kd2 Bf1 45.Ne3 Bb5 46.Nf5 Bd7 47.Kd3 Ba4 
48.Bd4 f6 49.Bc5 Bxc5 50.bxc5 Bc6 51.Ne7+ Kf7 52.Nxc6 bxc6 53.Kc4 Ke6 54.
Kb4 Ke5 55.Ka5 Kf4 56.Kb6 a5 57.Kxa5 Kxf3 58.Kb6 Kxg4 59.Kxc6 Kf3 60.Kd5 
g4 61.e5 fxe5 62.c6 g3 63.c7 g2 64.c8=Q g1=Q 65.Qf5+ Ke2 66.Qxe5+ 1-0

[Event "12th EUR-ch"]
[Site "Aix-les-Bains FRA"]
[Date "2011.03.30"]
[Round "8.58"]
[White "Andriasian, Zaven"]
[Black "Jansa, Vlastimil"]
[Result "1/2-1/2"]
[WhiteElo "2645"]
[BlackElo "2513"]
[EventDate "2011.03.22"]
[PlyCount "61"]

1.e4 c5 2.Nf3 e6 3.d4 cxd4 4.Nxd4 Nc6 5.Nc3 a6 6.Nxc6 bxc6 7.Bd3 d5 8.O-O 
Nf6 9.Re1 Be7 10.e5 Nd7 11.Qg4 g6 12.Na4 h5 13.Qe2 Nb6 14.Nxb6 Qxb6 15.c4 
d4 16.Be4 a5 17.Bf4 Bb7 18.Rad1 c5 19.Rd3 a4 20.h3 Rb8 21.b3 Bxe4 22.Qxe4 
Qb7 23.Qe2 Qc6 24.Qf3 h4 25.Kh2 Rh5 26.g4 hxg3+ 27.fxg3 axb3 28.g4 Rh7 29.
axb3 Ra8 30.Rf1 Ra7 31.Bg3 1/2-1/2